[Event "AUTO-MASTER-321"]
[Site "http://www.queenalice.com/game.php?id=316744"]
[Date "2007.12.7"]
[Round "2"]
[White "Cat"]
[Black "Plis"]
[Result "1/2-1/2"]
[WhiteElo "2084"]
[BlackElo "2266"]

1. d4 Nf6 2. c4 e6 3. Nc3 d5 4. Bg5 Be7 5. e3 O-O 6. Nf3 h6 7. Bxf6 Bxf6 8. cxd5
exd5 9. Bd3 c5 10. Bc2 c4 11. h3 Nc6 12. O-O Rb8 13. b3 b5 14. bxc4 bxc4 15. Rb1
Be6 16. Qd2 Qd7 17. e4 dxe4 18. Nxe4 Bxd4 19. Rbd1 Rfd8 20. Qf4 Qd5 1/2-1/2

[Event "AUTO-MASTER-321"]
[Site "http://www.queenalice.com/game.php?id=316745"]
[Date "2007.12.7"]
[Round "2"]
[White "Plis"]
[Black "Cat"]
[Result "1-0"]
[WhiteElo "2255"]
[BlackElo "2042"]

1. e4 c5 2. Nf3 d6 3. d4 cxd4 4. Nxd4 Nf6 5. Nc3 Nc6 6. Bg5 a6 7. Qd2 Qa5 8. Nb3
Qc7 9. O-O-O Bd7 10. g3 h6 11. Bxf6 gxf6 12. Nd5 Qd8 13. Qe3 b5 14. Bg2 Bg7 15.
Rhe1 O-O 16. f4 a5 17. Nb6 a4 18. Nd2 Ra6 19. Nxd7 Qxd7 20. a3 Rc8 21. Kb1 b4
22. Qd3 Ra7 23. Nc4 bxa3 24. Nxa3 Rb8 25. c3 Rab7 26. Re2 Rb3 27. Ka1 Qb7 28.
Qc2 f5 29. e5 Qc8 30. Qd3 dxe5 31. Bxc6 Qxc6 32. fxe5 Qc7 33. Qe3 R8b6 34. Qd4
Kh7 35. g4 fxg4 36. Nc4 R6b5 37. Qxg4 Rb8 38. Rg1 Rg8 39. Rf2 1-0

[Event "QA-ANNIV-03"]
[Site "http://www.queenalice.com/game.php?id=360812"]
[Date "2008.2.25"]
[Round "5"]
[White "Cat"]
[Black "smazinga"]
[Result "1/2-1/2"]
[WhiteElo "2032"]
[BlackElo "1982"]

1. d4 d5 2. c4 c6 3. Nc3 Nf6 4. Nf3 e6 5. Bg5 Be7 6. e3 Nfd7 7. Bxe7 Qxe7 8.
cxd5 exd5 9. Bd3 O-O 10. O-O Nf6 11. Rc1 Bg4 12. h3 Bh5 13. g4 Bg6 14. Ne5 Bxd3
15. Qxd3 Nbd7 16. f4 h6 17. Rf3 Nxe5 18. fxe5 Nd7 19. Rcf1 b5 20. e4 dxe4 21.
Nxe4 c5 22. Nd6 c4 23. Qe4 Nf6 24. exf6 Qxd6 25. fxg7 Kxg7 26. Rf4 Rae8 27. Qb7
Re1 28. Rxf7+ Rxf7 29. Qxf7+ Kh8 30. Rxe1 Qg3+ 31. Kf1 Qxh3+ 32. Ke2 Qd3+ 33.
Kf2 Qxd4+ 34. Re3 Qd2+ 35. Re2 Qd4+ 36. Ke1 Qg1+ 37. Kd2 Qd4+ 38. Kc2 Qd3+ 39.
Kc1 1/2-1/2

[Event "Echecs.m@t Part2"]
[Site "http://www.queenalice.com/game.php?id=381089"]
[Date "2008.4.2"]
[Round "1"]
[White "Rafale2000"]
[Black "Cat"]
[Result "0-1"]
[WhiteElo "2013"]
[BlackElo "2048"]

1. e4 c5 2. Nf3 d6 3. d4 cxd4 4. Nxd4 Nf6 5. Nc3 Nc6 6. Bg5 Qb6 7. Nb3 e6 8. Qd2
Be7 9. Bd3 O-O 10. O-O Bd7 11. Rad1 Rac8 12. a3 Ne5 13. Be3 Qc7 14. Be2 a6 15.
a4 Nc4 16. Bxc4 Qxc4 17. Qd4 b5 18. axb5 axb5 19. f3 b4 20. Qxc4 Rxc4 21. Na2
Rxc2 22. Rd2 Rc7 23. Rc1 Rfc8 24. Rxc7 Rxc7 25. Bb6 Rb7 26. Be3 h5 27. h4 Ba4
28. Na5 Rb8 29. b3 Be8 30. Rc2 Ra8 31. Nc4 d5 32. Nb6 Rd8 33. Nc8 Bf8 34. Bb6
Rd7 35. Bc5 Bd6 36. Bb6 Bf8 37. e5 Nh7 38. Bc5 Rc7 39. Nd6 Ba4 40. Nxb4 Bxb3 41.
Rc1 Bc4 42. Bb6 Rd7 43. Nxc4 Bxb4 44. Nd6 f6 45. Rc8+ Nf8 46. f4 fxe5 47. fxe5
Bxd6 48. exd6 Kf7 49. Bd4 Nh7 50. Rh8 Nf6 51. Bxf6 Kxf6 52. Rxh5 Rxd6 53. Kf2 e5
54. Rh8 d4 55. Ra8 e4 56. Ra3 Ke5 57. Ra5+ Rd5 58. Ra7 e3+ 59. Kf3 d3 0-1

[Event "AUTO-MASTER-284"]
[Site "http://www.queenalice.com/game.php?id=382692"]
[Date "2008.4.5"]
[Round "2"]
[White "javierqz"]
[Black "Cat"]
[Result "1-0"]
[WhiteElo "2096"]
[BlackElo "2053"]

1. e4 c5 2. Nf3 d6 3. c3 Qa5 4. Bc4 Nc6 5. O-O Nf6 6. Re1 Bg4 7. d3 Ne5 8. Nbd2
Nfd7 9. Qb3 Nxc4 10. Nxc4 Qa6 11. Ng5 e6 12. Ne3 Bh5 13. g4 Bg6 14. Nxe6 fxe6
15. Qxe6+ Kd8 16. Nd5 Qc6 17. Bg5+ Kc8 18. f4 b6 19. f5 Kb7 20. fxg6 Ne5 21. Rf1
Ka6 22. gxh7 Qd7 23. Qxd7 Nxd7 24. Nc7+ Kb7 25. Nxa8 Kxa8 26. d4 1-0

[Event "AUTO-MASTER-284"]
[Site "http://www.queenalice.com/game.php?id=382693"]
[Date "2008.4.5"]
[Round "2"]
[White "Cat"]
[Black "javierqz"]
[Result "1-0"]
[WhiteElo "2063"]
[BlackElo "2096"]

1. d4 Nf6 2. c4 d5 3. Nf3 g6 4. Nc3 Bg7 5. Bg5 O-O 6. Qd2 Be6 7. Rc1 dxc4 8. e3
c6 9. Bxf6 Bxf6 10. Ne4 Bg7 11. Bxc4 Bxc4 12. Rxc4 Nd7 13. O-O Nb6 14. Rc2 Rc8
15. Rfc1 Nd5 16. b4 e6 17. b5 Qd7 18. bxc6 bxc6 19. Qa5 Rc7 20. Nc5 Qe7 21. Na6
Rcc8 22. Rxc6 Rxc6 23. Rxc6 Qb7 24. Rc1 Qb2 25. Qd2 Qxd2 26. Nxd2 Bh6 27. Kf1 f5
28. Rc6 Kf7 29. Nc5 Re8 30. Nc4 Bf8 31. Ne5+ Kf6 32. Ned7+ Kf7 33. Rxe6 1-0

[Event "AUTO-MASTER-284"]
[Site "http://www.queenalice.com/game.php?id=382696"]
[Date "2008.4.5"]
[Round "2"]
[White "Cat"]
[Black "R_Mutt"]
[Result "1/2-1/2"]
[WhiteElo "2028"]
[BlackElo "2288"]

1. d4 d5 2. c4 e6 3. Nf3 Nf6 4. Nc3 c5 5. cxd5 exd5 6. Bg5 Be7 7. e3 cxd4 8.
Nxd4 O-O 9. Bd3 Nc6 10. Nxc6 bxc6 11. O-O a5 12. Qc2 Ba6 13. Bxf6 Bxd3 14. Bxe7
Bxc2 15. Bxd8 Rfxd8 16. Rac1 Bg6 17. Rfd1 f6 18. Ne2 Be8 19. Rc5 a4 20. Nd4 Ra6
21. Rdc1 Rb6 22. b3 axb3 23. axb3 1/2-1/2

[Event "AUTO-MASTER-284"]
[Site "http://www.queenalice.com/game.php?id=382697"]
[Date "2008.4.5"]
[Round "2"]
[White "R_Mutt"]
[Black "Cat"]
[Result "1-0"]
[WhiteElo "2285"]
[BlackElo "2080"]

1. e4 c5 2. Nf3 d6 3. d4 cxd4 4. Nxd4 Nf6 5. Nc3 Nc6 6. Bc4 g6 7. f3 Bg7 8. Be3
O-O 9. Qd2 Ne5 10. Bb3 Qa5 11. O-O-O Bd7 12. Kb1 Rfc8 13. h4 Nc4 14. Bxc4 Rxc4
15. h5 Nxh5 16. g4 Nf6 17. Nb3 Qd8 18. e5 Nxg4 19. fxg4 Bxg4 20. Rdg1 h5 21. e6
Bxe6 22. Bd4 Qf8 23. Bxg7 Qxg7 24. Nd5 Qe5 25. Nxe7+ Kf8 26. Nxg6+ fxg6 27. Rxg6
Re8 28. Rf1+ Ke7 29. Rg5 Qe4 30. Rg7+ Kd8 31. Nc5 Kc8 32. Nxe4 1-0

[Event "QA-ANNIV-03"]
[Site "http://www.queenalice.com/game.php?id=385492"]
[Date "2008.4.10"]
[Round "6"]
[White "Cat"]
[Black "gardez2005"]
[Result "1-0"]
[WhiteElo "2030"]
[BlackElo "1907"]

1. d4 Nf6 2. c4 g6 3. Nc3 Bg7 4. e4 d6 5. Bg5 O-O 6. Be2 e5 7. d5 c6 8. g4 h6 9.
Be3 Qd7 10. f3 Qe7 11. Qd2 Kh7 12. h4 Ng8 13. O-O-O c5 14. Nh3 a6 15. Rh2 Bd7
16. Ng5+ Kh8 17. h5 f6 18. hxg6 fxg5 19. Bxg5 Qe8 20. Bxh6 Nxh6 21. Rxh6+ Kg8
22. Rdh1 Rf6 23. Rh8+ Bxh8 24. Rxh8+ Kxh8 25. Qh6+ Kg8 26. Qh7+ Kf8 27. g7+ Ke7
28. g8=Q+ Kd8 29. Qg5 Qf8 30. Qhh4 Ke7 31. f4 exf4 32. e5 1-0

[Event "QA-ANNIV-03"]
[Site "http://www.queenalice.com/game.php?id=413697"]
[Date "2008.6.5"]
[Round "7"]
[White "aormic"]
[Black "Cat"]
[Result "1-0"]
[WhiteElo "2153"]
[BlackElo "2039"]

1. d4 f5 2. g3 Nf6 3. Bg2 d6 4. Nf3 g6 5. O-O Bg7 6. c4 O-O 7. Nc3 Nbd7 8. Ng5
Nb6 9. Qb3 c5 10. dxc5 dxc5 11. Rd1 Qc7 12. a4 a5 13. Nb5 Qb8 14. Be3 1-0

[Event "AUTO-MASTER-310"]
[Site "http://www.queenalice.com/game.php?id=415622"]
[Date "2008.6.10"]
[Round "2"]
[White "Cat"]
[Black "marcosnatal"]
[Result "1-0"]
[WhiteElo "2083"]
[BlackElo "2135"]

1. d4 d5 2. c4 c6 3. Nc3 Nf6 4. Nf3 Bf5 5. e3 e6 6. Bd2 Nbd7 7. Rc1 dxc4 8. Bxc4
Bd6 9. O-O Nb6 10. Bb3 O-O 11. Re1 Nbd5 12. Bc2 Nxc3 13. Bxc3 Ne4 14. Bxe4 Bxe4
15. Nd2 Bg6 16. b4 Qh4 17. Nf3 Qh6 18. e4 Bh5 19. e5 Be7 20. Qd3 Bg6 21. Qd2 Qh5
22. Qf4 Rad8 23. g4 Qh3 24. Re3 h5 25. gxh5 Qxh5 26. Kh1 Kh7 27. Rg1 1-0

[Event "AUTO-MASTER-310"]
[Site "http://www.queenalice.com/game.php?id=415623"]
[Date "2008.6.10"]
[Round "2"]
[White "marcosnatal"]
[Black "Cat"]
[Result "1-0"]
[WhiteElo "2103"]
[BlackElo "2038"]

1. d4 Nf6 2. c4 d6 3. Nc3 g6 4. Nf3 Bg7 5. Bf4 O-O 6. e3 c5 7. dxc5 dxc5 8. Qb3
Nc6 9. Rd1 Qa5 10. Qb5 Bg4 11. Be2 Ne4 12. Qxa5 1-0

[Event "QA-ANNIV-03"]
[Site "http://www.queenalice.com/game.php?id=446336"]
[Date "2008.8.9"]
[Round "8"]
[White "Cat"]
[Black "thw"]
[Result "1-0"]
[WhiteElo "2072"]
[BlackElo "1940"]

1. d4 e6 2. c4 d5 3. Nf3 Nf6 4. Bg5 Nbd7 5. e3 c6 6. Nbd2 Qa5 7. a3 dxc4 8. Bxc4
Ne4 9. b4 Qc7 10. Nxe4 Nb6 11. Bb3 Bd6 12. O-O O-O 13. Qd3 e5 14. Bc2 h6 15.
Nxd6 1-0

[Event "Echecs.m@t Part2"]
[Site "http://www.queenalice.com/game.php?id=449642"]
[Date "2008.8.16"]
[Round "2"]
[White "dede1900"]
[Black "Cat"]
[Result "0-1"]
[WhiteElo "2082"]
[BlackElo "2101"]

1. e4 c5 2. Nf3 d6 3. d4 cxd4 4. Nxd4 Nf6 5. Nc3 a6 6. Bc4 e6 7. Bb3 Nbd7 8. Bg5
Qa5 9. Qd2 Be7 10. O-O-O Nc5 11. Rhe1 O-O 12. f4 h6 13. Bxf6 Bxf6 14. Kb1 Qc7
15. Re3 b5 16. Ndxb5 axb5 17. Nxb5 Qc6 18. Nxd6 Rd8 19. e5 Be7 20. Rc3 Bb7 21.
Qd4 Bxd6 22. exd6 Nxb3 23. Rxb3 Qe4 24. Rg3 Qh7 25. Rdd3 Kf8 26. d7 Bd5 27. Qc5+
Kg8 28. Rxd5 exd5 29. Qxd5 Kh8 30. Re3 f6 31. f5 Qg8 32. Qe6 Rxd7 33. Qxd7 Rd8
34. Rd3 Rxd7 35. Rxd7 Qe8 36. Rd1 Qe5 37. g4 Qxh2 38. b3 Qe2 39. Rg1 Kg8 40. a4
Kf7 41. Kb2 Ke7 42. Ra1 Qxg4 43. a5 Qxf5 44. b4 Kd6 45. a6 Qd5 46. a7 Qa8 47.
Ra5 h5 48. c4 h4 49. Ra6+ Kc7 50. b5 h3 51. c5 h2 0-1

[Event "Challenge1"]
[Site "http://www.queenalice.com/game.php?id=458301"]
[Date "2008.9.4"]
[Round "-"]
[White "smagoo"]
[Black "Cat"]
[Result "1-0"]
[WhiteElo "2231"]
[BlackElo "2117"]

1. d4 Nf6 2. c4 d6 3. Nc3 g6 4. e4 Bg7 5. Be2 c5 6. d5 Qa5 7. Bd2 Qb6 8. Rb1 Bd7
9. f4 h5 10. Nf3 Na6 11. a3 O-O-O 12. O-O h4 13. Ng5 Rdf8 14. Be3 h3 15. g3 Nh7
16. Nxh7 Rxh7 17. Qd3 Qa5 18. Na2 Kb8 19. b4 cxb4 20. Nxb4 Nxb4 21. axb4 Qa2 22.
Rb3 f5 23. e5 dxe5 24. fxe5 Ba4 25. Ra3 1-0

[Event "Challenge2"]
[Site "http://www.queenalice.com/game.php?id=458302"]
[Date "2008.9.4"]
[Round "-"]
[White "Cat"]
[Black "smagoo"]
[Result "1-0"]
[WhiteElo "2108"]
[BlackElo "2224"]

1. d4 d5 2. c4 e5 3. dxe5 d4 4. e4 Nc6 5. f4 g5 6. f5 Nxe5 7. Nf3 Nxf3+ 8. Qxf3
h5 9. Bd3 Bd6 10. Na3 a6 11. Nc2 c5 12. Bd2 f6 13. b4 Qc7 14. bxc5 Bxh2 15.
O-O-O g4 16. Qf2 Be5 17. Nxd4 Qxc5 18. Be3 Bd7 19. Nb3 Qa3+ 20. Kb1 Ne7 21. Bc5
Qa4 22. Qe2 Rb8 23. Bc2 Qc6 24. Rd3 b5 25. cxb5 Qxb5 26. Qe3 a5 27. Rhd1 Bc6 28.
Bd6 Bxd6 29. Rxd6 a4 30. Qd4 O-O 31. Rxf6 axb3 32. axb3 Rfd8 33. Rd6 1-0

[Event "charles31"]
[Site "http://www.queenalice.com/game.php?id=465724"]
[Date "2008.9.19"]
[Round "5"]
[White "Cat"]
[Black "smagoo"]
[Result "1/2-1/2"]
[WhiteElo "2113"]
[BlackElo "2214"]

1. d4 d5 2. c4 e5 3. dxe5 d4 4. e4 Nc6 5. f4 f6 6. exf6 Nxf6 7. Bd3 Bb4+ 8. Bd2
Ng4 9. f5 Qg5 10. Qe2 O-O 11. Nf3 Qe3 12. c5 g6 13. Qxe3 dxe3 14. Bc3 Bxc3+ 15.
Nxc3 gxf5 16. O-O f4 17. Bc4+ Kg7 18. Nb5 Nce5 19. Nxc7 Nxc4 20. Nxa8 Rf7 21. b4
Nge5 22. Ng5 Re7 23. Rxf4 h6 24. Nf3 Ng6 25. Rf5 Bxf5 26. exf5 Nge5 27. Nxe5
Nxe5 28. Kf1 Nd3 29. Ke2 Nxb4 30. Rd1 Nxa2 31. Rd6 Nc1+ 32. Ke1 Kf7 33. Rxh6
Nd3+ 34. Ke2 Nf4+ 35. Kf3 e2 36. Rh7+ Kf6 37. Rxe7 Kxe7 38. Kf2 Kd7 39. g3 Nd3+
40. Kxe2 Nxc5 41. h4 b5 42. g4 b4 43. g5 Kd6 44. Nc7 Ke5 45. f6 1/2-1/2

[Event "QA-ANNIV-03"]
[Site "http://www.queenalice.com/game.php?id=469827"]
[Date "2008.9.28"]
[Round "9"]
[White "casacudoman"]
[Black "Cat"]
[Result "0-1"]
[WhiteElo "1891"]
[BlackElo "2112"]

1. e4 c5 2. d4 cxd4 3. Qxd4 Nc6 4. Qd5 Nf6 5. Qd3 Qb6 6. Be2 e5 7. b3 Nb4 8. Qc3
Be7 9. Be3 Qa5 10. Bd2 Nxe4 11. Qb2 Qc5 12. Bxb4 Qxf2+ 13. Kd1 Bxb4 14. Qxe5+
Kd8 15. Nh3 Qe3 16. Qd5 Re8 17. Qd3 Qxd3+ 18. Bxd3 d5 19. Rf1 Bxh3 20. gxh3 Rc8
21. Bxe4 Rxe4 22. a3 Bd6 23. Rxf7 Rd4+ 24. Kc1 Bf4+ 25. Kb2 Re4 26. Nc3 Rxc3 27.
Rxf4 Rxc2+ 28. Kxc2 Rxf4 29. Rd1 Rf5 30. Kc3 Kd7 31. Kd4 Kd6 32. Rg1 g5 33. Ke3
h5 34. Kd4 b6 35. Rg2 Rf4+ 36. Ke3 Re4+ 37. Kd2 Re5 38. Kd3 Ke6 39. Rg1 Rf5 40.
Ke2 d4 41. h4 g4 42. Rg3 Rf3 43. Rxf3 gxf3+ 44. Kxf3 Ke5 45. Ke2 Ke4 46. Kd2 d3
47. a4 a5 48. Ke1 Ke3 49. Kd1 d2 50. h3 Kd3 51. b4 axb4 52. a5 b3 0-1